טוען...

ICAR Award ceremony, 2000: citations

מידע ביבליוגרפי
פורמט: Report
יצא לאור: New Delhi Indian Council of Agricultural Research 2000
LEADER 00439nam a22001337a 4500
003 OSt
999 |c 191986  |d 191986 
082 |a ICAR/2000 
245 |a ICAR Award ceremony, 2000:  |b citations 
260 |a New Delhi  |b Indian Council of Agricultural Research  |c 2000 
300 |a 49p. 
546 |a English 
942 |2 ddc  |c REP 
952 |0 0  |1 0  |2 ddc  |4 0  |6 ICAR_2000_000000000000000  |7 0  |9 198500  |a KAUCLV  |b KAUCLV  |d 2019-08-20  |o ICAR/2000  |p 803459  |r 2019-08-20  |w 2019-08-20  |y REP